| 000 | 02138nab a2200301 a 4500 | ||
|---|---|---|---|
| 005 | 20210219162148.0 | ||
| 008 | 991125s1985 mx 000 0 spa u | ||
| 035 | _aUPN01000198829 | ||
| 049 | _aART-E | ||
| 100 | 1 | _aNascimento Coelho, Raquel | |
| 100 | 1 | _uraquel_coelho@hotmail.com | |
| 100 | 1 | _aÁlvaro Estramiana, José Luis | |
| 222 | _aATHENEA DIGITAL : REVISTA DE PENSAMIENTO E INVESTIGACION SOCIAL | ||
| 245 | _aAlargamiento de la juventud e identidad: un estudio de los procesos de transición a la vida adulta de jóvenes en Brasil y España | ||
| 260 | _aEspaña | ||
| 300 | _a21-37 | ||
| 362 | 0 | _a2014 Vol. 14, no. 2 | |
| 520 | 3 | _aEn este artículo investigamos la relación entre el alargamiento de la juventud en los jóvenes brasileños y españoles y los procesos de construcción de la identidad de estos individuos. Realizamos entrevistas semi-estructuradas con 50 hombres y mujeres jóvenes de 25 a 29 años, la mitad de ellos procedentes de Madrid/España y la otra mitad de Fortaleza/Brasil. Las entrevistas fueron grabadas y transcritas, los discursos fueron organizados con el programa Atlas-ti y analizados a través de un análisis de contenido semántico. Asumimos que el aplazamiento de los umbrales de transición a la edad adulta conduce a nuevas experiencias, discursos y significados de "ser joven", creando un nuevo modelo típico-ideal de la "juventud prolongada" y convirtiéndola en una posibilidad de identificación para un grupo significativo de jóvenes. En España, el alargamiento de la juvenil es un fenómeno mucho más marcado y evidente que en Brasil. Sin embargo, el movimiento hacia un alargamiento de la juventud, especialmente en relación a la "sensación de ser joven por más tiempo" es también una tendencia entre los jóvenes brasileños. | |
| 653 | 0 | _aIDENTIDAD JUVENIL | |
| 653 | 0 | _aJUVENTUD | |
| 653 | 0 | _aVIDA ADULTA | |
| 856 | 4 | _uhttp://atheneadigital.net/article/view/v14-n2-nascimento/pdf | |
| 905 | _aArticulo | ||
| 336 | _atexto$2rdacontent | ||
| 337 | _acomputadora$2rdamedia | ||
| 338 | _arecurso en linea$2rdacarrier | ||
| 999 |
_c170930 _d170930 |
||